| 000 | 00649nam a2200205 i 4500 | ||
|---|---|---|---|
| 001 | 68115 | ||
| 003 | ES-MaACL | ||
| 005 | 20240302062938.0 | ||
| 007 | t| | ||
| 008 | 040610s1947 sp ||||1| spa d | ||
| 100 | 0 |
_aGaos, Vicente, _d1919-1980 _953906 |
|
| 245 | 1 | 0 |
_aLuz desde el sueño _b: retrato del poeta por Zamorano / _cVicente Gaos. |
| 250 | _a[1ª ed.]. | ||
| 260 |
_aValladolid : _b[s.n., _c1947] ( _fCuesta) |
||
| 300 |
_a68 p., 1 lám. ; _c18 cm. |
||
| 490 | 1 | _aColección de poesía Halcón | |
| 830 | 0 |
_aColección de poesía Halcón _9230924 |
|
| 852 |
_aES-MaACL _j1868-F-9 _bR.23887 |
||
| 999 |
_c68115 _d68115 |
||